[Event "Kimry Summer op2"]
[Site "Kimry"]
[Date "2015.08.29"]
[Round "7"]
[White "Kobozeva, Viktoria"]
[Black "Berezhkov, Andrey"]
[Result "0-1"]
[WhiteElo "2113"]
[BlackElo "2086"]
[PlyCount "52"]
[EventDate "2015.08.26"]
[EventType "swiss"]
[EventRounds "7"]
[EventCountry "RUS"]
[SourceTitle "EXT 2016"]
[Source "ChessBase"]
[SourceDate "2015.10.08"]
[SourceVersion "1"]
[SourceVersionDate "2015.10.08"]
[SourceQuality "1"]

1. e4 c5 2. Nf3 d6 3. d4 cxd4 4. Nxd4 Nf6 5. Nc3 g6 6. Be3 Bg7 7. f3 0-0 8. Qd2 Nc6 9. g4 Bxg4 10. fxg4 Nxg4 11. Nb3 Nxe3 12. Qxe3 a5 13. a4 Nb4 14. 0-0-0 Rc8 15. Kb1 Qc7 16. Nd4 Qb6 17. Qd2 Rc5 18. Nb3 Rc7 19. Nd5 Nxd5 20. exd5 Rfc8 21. Bd3 Rc5 22. Qe3 Rxc2 23. Qxb6 Rxb2+ 24. Ka1 Rxb3+ 25. Ka2 Rxb6 26. Bb5 Rc5 0-1

[Event "Kimry Summer op2"]
[Site "Kimry"]
[Date "2015.08.26"]
[Round "2"]
[White "Sepp, Yuri"]
[Black "Kobozeva, Viktoria"]
[Result "1/2-1/2"]
[WhiteElo "1915"]
[BlackElo "2113"]
[PlyCount "69"]
[EventDate "2015.08.26"]
[EventType "swiss"]
[EventRounds "7"]
[EventCountry "RUS"]
[SourceTitle "EXT 2016"]
[Source "ChessBase"]
[SourceDate "2015.10.08"]
[SourceVersion "1"]
[SourceVersionDate "2015.10.08"]
[SourceQuality "1"]

1. Nf3 Nf6 2. d4 g6 3. Nc3 Bg7 4. e4 d6 5. Bd3 c6 6. Qe2 Qc7 7. Bf4 Nh5 8. Be3 e5 9. d5 0-0 10. Qd2 Re8 11. Bh6 c5 12. Bxg7 Kxg7 13. Nb5 Qd8 14. g3 a6 15. Nc3 b5 16. a4 b4 17. Nd1 f5 18. c4 Nf6 19. Qc2 fxe4 20. Bxe4 Nxe4 21. Qxe4 Nd7 22. Ne3 Nf6 23. Qc2 Ng4 24. Qe4 Nxe3 25. Qxe3 Bg4 26. Ng5 h6 27. Ne4 Bf5 28. 0-0 Bxe4 29. Qxe4 Qg5 30. Rad1 Qf5 31. f3 Rf8 32. b3 Qxe4 33. fxe4 Rxf1+ 34. Rxf1 a5 35. Kg2 1/2-1/2

[Event "Moscow op-B (Women)"]
[Site "Moscow"]
[Date "2015.02.07"]
[Round "8"]
[White "Dyachkova, Maria"]
[Black "Kobozeva, Viktoria"]
[Result "1-0"]
[WhiteElo "1736"]
[BlackElo "2022"]
[PlyCount "129"]
[EventDate "2015.01.31"]
[EventType "swiss"]
[EventRounds "9"]
[EventCountry "RUS"]
[SourceTitle "CBM 164 Extra"]
[Source "ChessBase"]
[SourceDate "2015.03.02"]
[SourceVersion "1"]
[SourceVersionDate "2015.03.02"]
[SourceQuality "1"]

1. d4 Nf6 2. c4 g6 3. Nc3 Bg7 4. e4 d6 5. f3 0-0 6. Be3 Nc6 7. Nge2 a6 8. Qd2 Rb8 9. Bh6 Bxh6 10. Qxh6 b5 11. h4 e5 12. d5 Nd4 13. 0-0-0 bxc4 14. Nxd4 exd4 15. Rxd4 Nh5 16. Bxc4 c5 17. Rd2 Ng3 18. Re1 Rb4 19. Bb3 Qb6 20. Qg5 Nh5 21. g4 Ng7 22. Qh6 Qd8 23. e5 dxe5 24. Ne4 f6 25. Nxc5 Kh8 26. h5 g5 27. Bc2 f5 28. Rxe5 Rb6 29. Ne6 Bxe6 30. dxe6 Qc7 31. Red5 Rxe6 32. Qxg5 Re1+ 33. Rd1 Rc8 34. Qd2 Rxd1+ 35. Qxd1 fxg4 36. fxg4 Ne6 37. Rd7 Qf4+ 38. Kb1 Nf8 39. Qd4+ Qxd4 40. Rxd4 Kg7 41. Bf5 Rc5 42. b4 Re5 43. a4 Re7 44. Kc2 Ne6 45. Rd6 Nc7 46. Rd7 Rxd7 47. Bxd7 Kf6 48. b5 axb5 49. axb5 Nd5 50. Kd3 Ke5 51. Bc6 Nb6 52. g5 Kf5 53. g6 hxg6 54. Be4+ Kf6 55. Bxg6 Nc8 56. Kd4 Nd6 57. b6 Kg5 58. Kc5 Nb7+ 59. Kc6 Na5+ 60. Kc7 Kf6 61. Be4 Kg5 62. Bd5 Kxh5 63. Kd6 Kg5 64. Kc5 Kf6 65. Kb5 1-0

[Event "Moscow op-B (Women)"]
[Site "Moscow"]
[Date "2015.02.04"]
[Round "5"]
[White "Kobozeva, Viktoria"]
[Black "Mamontova, Anastasia"]
[Result "1-0"]
[WhiteElo "2022"]
[BlackElo "1903"]
[PlyCount "83"]
[EventDate "2015.01.31"]
[EventType "swiss"]
[EventRounds "9"]
[EventCountry "RUS"]
[SourceTitle "CBM 164 Extra"]
[Source "ChessBase"]
[SourceDate "2015.03.02"]
[SourceVersion "1"]
[SourceVersionDate "2015.03.02"]
[SourceQuality "1"]

1. e4 e5 2. Nf3 Nc6 3. d4 exd4 4. Nxd4 Nf6 5. Nxc6 bxc6 6. e5 Qe7 7. Qe2 Nd5 8. c4 Ba6 9. b3 g6 10. Bb2 Bg7 11. g3 0-0 12. Bg2 Rfe8 13. 0-0 Bxe5 14. Bxe5 Qxe5 15. Qxe5 Rxe5 16. cxd5 Bxf1 17. Kxf1 cxd5 18. Nc3 c6 19. Rd1 Rae8 20. Bf3 Kf8 21. Ne2 Ke7 22. Rd4 Kd6 23. Ra4 Ra8 24. b4 Kc7 25. Nd4 Kb6 26. Be2 Rae8 27. f3 Re3 28. Kf2 Rc3 29. Bf1 Ree3 30. Ra6+ Kb7 31. b5 c5 32. Nb3 Re6 33. Ra3 Kb8 34. Ra4 Rc2+ 35. Kg1 Re1 36. Rf4 c4 37. Nc5 Rcc1 38. Na6+ Kc8 39. Rxf7 Rxf1+ 40. Kg2 Rfe1 41. Rf8+ Kb7 42. Rb8# 1-0

[Event "Moscow op-B (Women)"]
[Site "Moscow"]
[Date "2015.02.01"]
[Round "2"]
[White "Li, Xueyi"]
[Black "Kobozeva, Viktoria"]
[Result "1-0"]
[WhiteElo "2218"]
[BlackElo "2022"]
[PlyCount "105"]
[EventDate "2015.01.31"]
[EventType "swiss"]
[EventRounds "9"]
[EventCountry "RUS"]
[SourceTitle "CBM 164 Extra"]
[Source "ChessBase"]
[SourceDate "2015.03.02"]
[SourceVersion "1"]
[SourceVersionDate "2015.03.02"]
[SourceQuality "1"]

1. d4 Nf6 2. c4 g6 3. Nc3 Bg7 4. e4 d6 5. Nf3 0-0 6. Be2 Bg4 7. Ng1 Bxe2 8. Ngxe2 c5 9. d5 a6 10. a4 Nbd7 11. 0-0 b5 12. axb5 axb5 13. Rxa8 Qxa8 14. cxb5 Qa5 15. f3 Qb4 16. Qc2 Ne8 17. Bg5 Ndf6 18. Ra1 c4 19. Be3 Nd7 20. Ra4 Qb3 21. Qxb3 cxb3 22. b6 Nef6 23. Ra3 Nc5 24. Bxc5 dxc5 25. Rxb3 Nd7 26. b7 Rb8 27. Nb1 Nf6 28. Na3 Ne8 29. Nc4 Nd6 30. Nxd6 exd6 31. Rb6 Kf8 32. Nc3 Bd4+ 33. Kf1 c4 34. Rb5 Ke7 35. Nb1 Kd7 36. Na3 c3 37. bxc3 Bxc3 38. Nc4 Kc7 39. Ke2 Bd4 40. Kd3 Bg1 41. h3 f6 42. Ne3 h5 43. g4 hxg4 44. Nxg4 f5 45. exf5 gxf5 46. Ne3 f4 47. Nc4 Bf2 48. Rb2 Bg3 49. Na5 Be1 50. Nc6 Rxb7 51. Rxb7+ Kxb7 52. Ke4 Bg3 53. Ne7 1-0

[Event "RUS-chT U20"]
[Site "Kolomna"]
[Date "2014.08.08"]
[Round "7"]
[White "Malyshev, Grigory"]
[Black "Kobozeva, Viktoria"]
[Result "1-0"]
[WhiteElo "2103"]
[BlackElo "1986"]
[PlyCount "59"]
[EventDate "2014.08.02"]
[EventType "swiss"]
[EventRounds "9"]
[EventCountry "RUS"]
[SourceTitle "EXT 2016"]
[Source "ChessBase"]
[SourceDate "2015.10.08"]
[SourceVersion "1"]
[SourceVersionDate "2015.10.08"]
[SourceQuality "1"]

1. e4 c5 2. Nf3 d6 3. d4 cxd4 4. Nxd4 Nf6 5. Nc3 a6 6. Be3 e5 7. Nb3 Be6 8. h3 Be7 9. Qf3 Qc7 10. g4 0-0 11. 0-0-0 Rc8 12. Kb1 b5 13. Bd3 Nc6 14. Nd5 Bxd5 15. exd5 Nb4 16. Bf5 e4 17. Qe2 Re8 18. a3 Nbxd5 19. g5 Nxe3 20. Qxe3 Nd7 21. Bxe4 Rac8 22. h4 d5 23. Rxd5 Nb6 24. Rdd1 Nc4 25. Qf3 Qe5 26. Nd4 Red8 27. c3 Rc5 28. Rhe1 g6 29. Re2 Qg7 30. Bd5 1-0

[Event "RUS-chT U20"]
[Site "Kolomna"]
[Date "2014.08.07"]
[Round "6"]
[White "Kobozeva, Viktoria"]
[Black "Kleimenov, Ivan"]
[Result "1-0"]
[WhiteElo "1986"]
[BlackElo "1561"]
[PlyCount "83"]
[EventDate "2014.08.02"]
[EventType "swiss"]
[EventRounds "9"]
[EventCountry "RUS"]
[SourceTitle "EXT 2016"]
[Source "ChessBase"]
[SourceDate "2015.10.08"]
[SourceVersion "1"]
[SourceVersionDate "2015.10.08"]
[SourceQuality "1"]

1. e4 c6 2. d4 g6 3. Nc3 d5 4. Nf3 Bg4 5. Be2 Bxf3 6. Bxf3 dxe4 7. Nxe4 Bg7 8. Be3 Nd7 9. c4 Nb6 10. Rc1 Nf6 11. Nc5 Qc7 12. Qb3 e6 13. a4 a5 14. Nd3 Nfd7 15. 0-0 0-0 16. d5 Rfe8 17. Rfe1 Ra6 18. dxe6 Rxe6 19. c5 Na8 20. Bg4 Re8 21. Bf4 Rxe1+ 22. Rxe1 Nxc5 23. Nxc5 Qxf4 24. Nxa6 bxa6 25. Re8+ Bf8 26. Rxa8 Qxg4 27. h3 Qe4 28. Qb8 Qe7 29. Qe8 Qc5 30. Qe3 Qd6 31. Re8 Qd1+ 32. Qe1 Qd6 33. Qxa5 c5 34. Qd8 Qxd8 35. Rxd8 c4 36. Rc8 a5 37. Ra8 h5 38. Rxa5 Bb4 39. Rb5 Bd2 40. Rc5 c3 41. bxc3 Bxc3 42. Rxc3 1-0

[Event "RUS-chT U20"]
[Site "Kolomna"]
[Date "2014.08.03"]
[Round "2"]
[White "Kobozeva, Viktoria"]
[Black "Chibukhchyan, Erik"]
[Result "1-0"]
[WhiteElo "1986"]
[BlackElo "1694"]
[PlyCount "77"]
[EventDate "2014.08.02"]
[EventType "swiss"]
[EventRounds "9"]
[EventCountry "RUS"]
[SourceTitle "EXT 2016"]
[Source "ChessBase"]
[SourceDate "2015.10.08"]
[SourceVersion "1"]
[SourceVersionDate "2015.10.08"]
[SourceQuality "1"]

1. e4 e5 2. Nf3 Nc6 3. d4 exd4 4. Nxd4 Bc5 5. Nb3 Bb6 6. Nc3 Nf6 7. Bg5 h6 8. Bh4 d6 9. Qe2 g5 10. Bg3 Qe7 11. 0-0-0 Be6 12. f3 0-0-0 13. Bf2 d5 14. Bxb6 axb6 15. e5 Nh5 16. g3 d4 17. Nb5 Bxb3 18. axb3 Qc5 19. f4 Ng7 20. Qc4 Qxc4 21. Bxc4 Ne6 22. Rhf1 Rhf8 23. Rde1 gxf4 24. gxf4 Ng7 25. Be2 Kb8 26. Bd3 Rde8 27. Be4 Ne6 28. Rd1 f6 29. Bg6 Rd8 30. f5 Nxe5 31. fxe6 Nxg6 32. Rg1 Rg8 33. Nxd4 Nf4 34. e7 Rde8 35. Rxg8 Rxg8 36. Nb5 Ne6 37. Re1 Ng7 38. Rg1 Kc8 39. Rxg7 1-0

[Event "Kimry Summer op 69th"]
[Site "Kimry"]
[Date "2014.06.09"]
[Round "4"]
[White "Protasov, Sergey"]
[Black "Kobozeva, Viktoria"]
[Result "0-1"]
[WhiteElo "1598"]
[BlackElo "1975"]
[PlyCount "108"]
[EventDate "2014.06.08"]
[EventType "swiss"]
[EventRounds "7"]
[EventCountry "RUS"]
[SourceTitle "CBM 160 Extra"]
[Source "ChessBase"]
[SourceDate "2014.07.01"]
[SourceVersion "1"]
[SourceVersionDate "2014.07.01"]
[SourceQuality "1"]

1. e4 c5 2. Nf3 d6 3. d4 cxd4 4. Nxd4 Nf6 5. Nc3 a6 6. Be3 e5 7. Nf3 Be7 8. Bc4 0-0 9. 0-0 Nbd7 10. Qd2 Qc7 11. Bb3 b5 12. Nd5 Nxd5 13. Bxd5 Rb8 14. c3 Nf6 15. Ne1 Nxd5 16. Qxd5 Be6 17. Qd2 Qb7 18. f3 f5 19. exf5 Rxf5 20. Nd3 Bc4 21. Rfe1 Rbf8 22. Nb4 a5 23. Nd3 h6 24. Nf2 Bd5 25. Qc2 Bh4 26. Ne4 Bxe4 27. Qxe4 Qxe4 28. fxe4 Bf2+ 29. Bxf2 Rxf2 30. Rf1 Rxb2 31. Rxf8+ Kxf8 32. Rd1 Rxa2 33. Rxd6 Rb2 34. Ra6 a4 35. Ra5 Ke7 36. h3 Kd6 37. Ra8 Rb3 38. c4 bxc4 39. Rxa4 Kc5 40. Kf2 Kd4 41. Ke2 Rc3 42. Ra7 g5 43. Rh7 Kxe4 44. Rxh6 Rc2+ 45. Kf1 Ke3 46. Kg1 Rc1+ 47. Kh2 c3 48. Rc6 e4 49. Kg3 Ke2 50. h4 gxh4+ 51. Kxh4 c2 52. Kg4 e3 53. g3 Kf2 54. Kf4 e2 0-1

[Event "Kimry Rating op 68th"]
[Site "Kimry"]
[Date "2014.01.05"]
[Round "7"]
[White "Geshko, Aleksey"]
[Black "Kobozeva, Viktoria"]
[Result "1-0"]
[WhiteElo "1894"]
[BlackElo "1943"]
[PlyCount "95"]
[EventDate "2014.01.02"]
[EventType "swiss"]
[EventRounds "9"]
[EventCountry "RUS"]
[SourceTitle "CBM 158 Extra"]
[Source "ChessBase"]
[SourceDate "2014.02.28"]
[SourceVersion "1"]
[SourceVersionDate "2014.02.28"]
[SourceQuality "1"]

1. e4 c5 2. Nf3 d6 3. d4 cxd4 4. Nxd4 Nf6 5. Nc3 a6 6. Bg5 e5 7. Nb3 Be7 8. Qd2 Be6 9. 0-0-0 Nbd7 10. Kb1 Qc7 11. f4 b5 12. f5 Bc4 13. g4 b4 14. Bxf6 Nxf6 15. Bxc4 Qxc4 16. Nd5 Nxd5 17. Qxd5 Rc8 18. Rd2 0-0 19. h4 Qxd5 20. Rxd5 h6 21. g5 hxg5 22. hxg5 Bxg5 23. Rxd6 Rc4 24. Rd3 Rxe4 25. Rg3 f6 26. Nc5 Re2 27. Nxa6 Rf2 28. Nxb4 Rxf5 29. Nd5 Kf7 30. a4 e4 31. c4 Ra8 32. Ra3 e3 33. Re1 Re5 34. a5 Re4 35. a6 Ra7 36. Ra4 Re6 37. b4 Raxa6 38. Rxa6 Rxa6 39. b5 Re6 40. b6 Re8 41. c5 Bh4 42. Re2 Bg3 43. c6 f5 44. c7 g6 45. Rxe3 Bxc7 46. bxc7 Rc8 47. Rc3 Ke6 48. Nb6 1-0

[Event "Kimry Rating op 68th"]
[Site "Kimry"]
[Date "2014.01.04"]
[Round "4"]
[White "Bilan, Danila"]
[Black "Kobozeva, Viktoria"]
[Result "1-0"]
[WhiteElo "2032"]
[BlackElo "1943"]
[PlyCount "119"]
[EventDate "2014.01.02"]
[EventType "swiss"]
[EventRounds "9"]
[EventCountry "RUS"]
[SourceTitle "CBM 158 Extra"]
[Source "ChessBase"]
[SourceDate "2014.02.28"]
[SourceVersion "1"]
[SourceVersionDate "2014.02.28"]
[SourceQuality "1"]

1. d4 d5 2. Nf3 Nf6 3. c4 c6 4. Nc3 e6 5. Bg5 dxc4 6. e4 b5 7. e5 h6 8. Bh4 g5 9. Nxg5 hxg5 10. Bxg5 Nbd7 11. exf6 Bb7 12. a4 a6 13. axb5 cxb5 14. d5 Qb6 15. Be2 Qd6 16. dxe6 Qxe6 17. 0-0 Bd6 18. h4 Qe5 19. f4 Bc5+ 20. Kh2 Qc7 21. Bf3 0-0-0 22. Nd5 Qd6 23. Ne7+ Kc7 24. Qxd6+ Bxd6 25. Bxb7 Kxb7 26. Rad1 Nc5 27. g3 Ne4 28. Kg2 Bc5 29. Rfe1 Nd2 30. f5 Nb3 31. Bf4 Bd4 32. Be5 Bxe5 33. Rxd8 Rxd8 34. Rxe5 Rd2+ 35. Kf3 Rxb2 36. Nd5 Kc6 37. Nb4+ Kb6 38. Nd5+ Kc5 39. Ne3+ Kb4 40. Re7 c3 41. Rxf7 Nd4+ 42. Ke4 Ne2 43. Rc7 Nxg3+ 44. Kf3 Nxf5 45. Nxf5 Rd2 46. Ne7 Kb3 47. f7 Rd8 48. Ng6 c2 49. f8Q Rxf8+ 50. Nxf8 b4 51. h5 Kb2 52. h6 c1Q 53. Rxc1 Kxc1 54. h7 b3 55. h8Q b2 56. Qc3+ Kb1 57. Ne6 a5 58. Qxa5 Kc2 59. Nd4+ Kb1 60. Qa4 1-0

[Event "Tver Region-ch Rapid"]
[Site "Kimry"]
[Date "2013.12.06"]
[Round "6.2"]
[White "Kobozeva, Viktoria"]
[Black "Sherbakova, Elena"]
[Result "1-0"]
[WhiteElo "1968"]
[BlackElo "1806"]
[PlyCount "31"]
[EventDate "2013.12.04"]
[EventType "swiss (rapid)"]
[EventRounds "7"]
[EventCountry "RUS"]
[SourceTitle "EXT 2022"]
[Source "ChessBase"]
[SourceDate "2021.10.06"]
[SourceVersion "1"]
[SourceVersionDate "2021.10.06"]
[SourceQuality "1"]

1. d4 e6 2. c4 Nf6 3. Nf3 d5 4. Nc3 c6 5. g3 Bd6 6. Bg2 Nbd7 7. 0-0 0-0 8. b3 b6 9. Nd2 Re8 10. e4 dxe4 11. Ndxe4 Nxe4 12. Nxe4 Qc7 13. Nxd6 Qxd6 14. Bf4 e5 15. dxe5 Qxd1 16. Raxd1 1-0

[Event "Kimry Summer op 66th"]
[Site "Kimry"]
[Date "2013.06.10"]
[Round "6"]
[White "Bykov, Oleg1"]
[Black "Kobozeva, Viktoria"]
[Result "1/2-1/2"]
[WhiteElo "2270"]
[BlackElo "1926"]
[PlyCount "70"]
[EventDate "2013.06.08"]
[EventType "swiss"]
[EventRounds "7"]
[EventCountry "RUS"]
[SourceTitle "CBM 155 Extra"]
[Source "ChessBase"]
[SourceDate "2013.08.26"]
[SourceVersion "1"]
[SourceVersionDate "2013.08.26"]
[SourceQuality "1"]

1. d4 Nf6 2. c4 g6 3. Nc3 Bg7 4. e4 d6 5. Nf3 0-0 6. Be2 e5 7. d5 Nbd7 8. 0-0 Nc5 9. Qc2 a5 10. Bg5 h6 11. Be3 Ne8 12. a3 f5 13. b4 axb4 14. axb4 Rxa1 15. Rxa1 Na6 16. b5 Nc5 17. Bxc5 dxc5 18. Ra8 f4 19. h3 Nd6 20. Nd2 b6 21. Bg4 h5 22. Be6+ Kh7 23. Nf3 Qe7 24. Bxc8 Nxc8 25. Qe2 g5 26. Nh2 Qf7 27. Nf3 Bf6 28. Nh2 Rg8 29. Nd1 Qg6 30. f3 Kg7 31. Nf2 Qh7 32. Qa2 Nd6 33. Ra7 Kg6 34. Qa4 Rh8 35. Qc2 Nc8 1/2-1/2

[Event "Kimry Summer op 66th"]
[Site "Kimry"]
[Date "2013.06.08"]
[Round "2"]
[White "Kobozeva, Viktoria"]
[Black "Vetokhin, Ilia"]
[Result "1-0"]
[WhiteElo "1926"]
[BlackElo "1588"]
[PlyCount "111"]
[EventDate "2013.06.08"]
[EventType "swiss"]
[EventRounds "7"]
[EventCountry "RUS"]
[SourceTitle "CBM 155 Extra"]
[Source "ChessBase"]
[SourceDate "2013.08.26"]
[SourceVersion "1"]
[SourceVersionDate "2013.08.26"]
[SourceQuality "1"]

1. d4 Nf6 2. c4 g6 3. Nc3 Bg7 4. e4 d6 5. Nf3 0-0 6. Be2 e5 7. d5 Nbd7 8. 0-0 a5 9. Qc2 Nc5 10. Bg5 h6 11. Be3 b6 12. b3 Ne8 13. Nd2 f5 14. f3 f4 15. Bf2 g5 16. a3 Nf6 17. b4 Nb7 18. Rfc1 g4 19. Nb5 gxf3 20. Bxf3 Ng4 21. Bxg4 Bxg4 22. Nf3 Bxf3 23. gxf3 Qg5+ 24. Kh1 Rac8 25. Qe2 Rf6 26. c5 bxc5 27. bxc5 dxc5 28. Bxc5 Nxc5 29. Rxc5 Bf8 30. Rxc7 Rxc7 31. Nxc7 Rg6 32. Ne6 Qh5 33. a4 Rg3 34. Rg1 Rxg1+ 35. Kxg1 Qg6+ 36. Qg2 Qxg2+ 37. Kxg2 Bb4 38. Nd8 Kf8 39. Nc6 Bc3 40. Kf2 Ke8 41. Ke2 h5 42. Kd3 Be1 43. Nxe5 h4 44. Ng6 h3 45. Nxf4 Bg3 46. Nxh3 Bxh2 47. f4 Ke7 48. e5 Bg3 49. Kd4 Be1 50. Kc5 Bb4+ 51. Kc6 Kd8 52. d6 Kc8 53. e6 Kd8 54. e7+ Ke8 55. Kc7 Kf7 56. Ng5+ 1-0

[Event "Dmitrov op"]
[Site "Dmitrov"]
[Date "2012.07.28"]
[Round "6"]
[White "Sepp, Yuri"]
[Black "Kobozeva, Viktoria"]
[Result "1-0"]
[WhiteElo "1967"]
[BlackElo "1798"]
[PlyCount "201"]
[EventDate "2012.07.25"]
[EventType "swiss"]
[EventRounds "9"]
[EventCountry "RUS"]
[SourceTitle "CBM 149 Extra"]
[Source "ChessBase"]
[SourceDate "2012.08.24"]
[SourceVersion "1"]
[SourceVersionDate "2012.08.24"]
[SourceQuality "1"]

1. Nc3 d5 2. e4 d4 3. Nce2 e5 4. d3 c5 5. f4 Nc6 6. Nf3 Bd6 7. f5 Bd7 8. Ng3 g6 9. Bg5 f6 10. Bd2 Nge7 11. Nh4 Qc8 12. Qf3 g5 13. Qh5+ Kd8 14. Nf3 Kc7 15. Qf7 Qf8 16. Qb3 a5 17. c4 h5 18. Be2 h4 19. Nf1 g4 20. Ng1 Qg7 21. 0-0-0 Nb4 22. a4 Nc8 23. Qa3 Nb6 24. b3 Qg8 25. Bxb4 axb4 26. Qb2 Bxa4 27. Kd2 Qg5+ 28. Ke1 Bd7 29. Qd2 Qg7 30. Rb1 Ra3 31. Qd1 Rg8 32. Nd2 Qg5 33. Nf1 Ra2 34. Ra1 Rxa1 35. Qxa1 Qf4 36. g3 Qg5 37. gxh4 Qxh4+ 38. Ng3 Bf8 39. Bf1 Bh6 40. Qa5 Kc6 41. Qb5+ Kc7 42. Qxc5+ Bc6 43. Qe7+ Bd7 44. c5 Nc8 45. Qf7 Qg5 46. Be2 Rf8 47. Qc4 Qd2+ 48. Kf1 Qc1+ 49. Qxc1 Bxc1 50. Bxg4 Bb5 51. Ke2 Kc6 52. Nf3 Bb2 53. Nh5 Kxc5 54. Ng7 Kd6 55. Ne6 Rg8 56. Rg1 Bd7 57. h4 Ne7 58. Nd2 b5 59. Kf3 Bc3 60. Nf1 Bxe6 61. fxe6 Ng6 62. Rh1 Nf4 63. Ng3 Rh8 64. Nf5+ Kxe6 65. Nxd4+ Kf7 66. Nxb5 Nxd3 67. h5 Nc5 68. Rb1 Rd8 69. Bf5 Kg7 70. Nc7 Rd3+ 71. Kg4 Kh6 72. Ne8 Nd7 73. Rh1 Bd2 74. Bxd7 Rxd7 75. Nxf6 Rg7+ 76. Kf5 Bc3 77. Ng4+ Kh7 78. Nxe5 Bxe5 79. Kxe5 Rg3 80. Rb1 Kh6 81. Kd4 Rc3 82. e5 Kxh5 83. e6 Kg6 84. Re1 Rc8 85. Kd5 Kf6 86. Rf1+ Ke7 87. Rf7+ Ke8 88. Rb7 Rd8+ 89. Ke5 Rd2 90. Rxb4 Re2+ 91. Re4 Rb2 92. b4 Ke7 93. Kd5 Rd2+ 94. Kc5 Rd8 95. b5 Rc8+ 96. Kb6 Rb8+ 97. Kc6 Rc8+ 98. Kb7 Rc2 99. b6 Rb2 100. Kc6 Rc2+ 101. Kb5 1-0

[Event "Dmitrov op"]
[Site "Dmitrov"]
[Date "2012.07.26"]
[Round "3"]
[White "Kirillov, Nikolay"]
[Black "Kobozeva, Viktoria"]
[Result "1-0"]
[WhiteElo "2061"]
[BlackElo "1798"]
[PlyCount "101"]
[EventDate "2012.07.25"]
[EventType "swiss"]
[EventRounds "9"]
[EventCountry "RUS"]
[SourceTitle "CBM 149 Extra"]
[Source "ChessBase"]
[SourceDate "2012.08.24"]
[SourceVersion "1"]
[SourceVersionDate "2012.08.24"]
[SourceQuality "1"]

1. d4 Nf6 2. c4 g6 3. Nc3 Bg7 4. e4 d6 5. Bd3 0-0 6. Nge2 Nbd7 7. 0-0 e5 8. d5 Nc5 9. Bc2 a5 10. f3 Ne8 11. Be3 f5 12. Qd2 f4 13. Bf2 Qg5 14. Kh1 Qe7 15. a3 g5 16. b4 axb4 17. axb4 Rxa1 18. Rxa1 Na6 19. b5 Nc5 20. Ra8 Nf6 21. Bxc5 dxc5 22. b6 g4 23. bxc7 Qxc7 24. Nb5 Qe7 25. Nec3 g3 26. h3 Bd7 27. Ra7 Rb8 28. Na4 Bxb5 29. cxb5 Qd6 30. Nb2 c4 31. Nd1 Qc5 32. Ra1 Qxb5 33. Nc3 Qc5 34. Ba4 Qd4 35. Qc1 Bf8 36. Nb5 Qc5 37. Qc3 Ra8 38. Qxe5 Rxa4 39. Rxa4 Qxb5 40. Ra1 Bg7 41. Qxf4 Qb2 42. Ra8+ Kf7 43. Qxg3 Qb1+ 44. Kh2 Nh5 45. Qc7+ Kg6 46. Qc6+ Kg5 47. Rg8 Qb2 48. e5 Kf4 49. Rxg7 Nxg7 50. Qh6+ Kf5 51. Qf6# 1-0

[Event "Dmitrov op"]
[Site "Dmitrov"]
[Date "2012.07.25"]
[Round "1"]
[White "Berezin, Viktor"]
[Black "Kobozeva, Viktoria"]
[Result "1-0"]
[WhiteElo "2124"]
[BlackElo "1798"]
[PlyCount "95"]
[EventDate "2012.07.25"]
[EventType "swiss"]
[EventRounds "9"]
[EventCountry "RUS"]
[SourceTitle "CBM 149 Extra"]
[Source "ChessBase"]
[SourceDate "2012.08.24"]
[SourceVersion "1"]
[SourceVersionDate "2012.08.24"]
[SourceQuality "1"]

1. d4 Nf6 2. c4 g6 3. Nc3 Bg7 4. e4 d6 5. Nf3 0-0 6. Bd3 Bg4 7. h3 Bxf3 8. Qxf3 Nc6 9. Be3 Nd7 10. d5 Nce5 11. Qe2 Nxd3+ 12. Qxd3 Nc5 13. Bxc5 dxc5 14. 0-0 Bd4 15. Kh1 e5 16. f4 exf4 17. Rxf4 Be5 18. Rf3 Qe7 19. Re1 Qh4 20. Qf1 Rae8 21. Qe2 f5 22. Nd1 Bg3 23. Rxg3 Qxg3 24. e5 f4 25. Qf2 g5 26. Kg1 Rf5 27. e6 h5 28. Nc3 Qxf2+ 29. Kxf2 a6 30. Ne4 b6 31. Kf3 Kg7 32. Rd1 Re5 33. h4 Rf5 34. Nxg5 Kg6 35. Ke4 Rxg5 36. hxg5 Kxg5 37. Ke5 h4 38. Rd3 Re7 39. d6 cxd6+ 40. Rxd6 Kg4 41. Rd7 Re8 42. Rg7+ Kh5 43. Kf6 Rf8+ 44. Rf7 Rg8 45. Rh7+ Kg4 46. e7 Kg3 47. Kf7 Rc8 48. Rg7+ 1-0